Name Every Ratite - Statistics

General Stats
  • This quiz has been taken 5 times
  • The average score is 25 of 59
Answer Stats
Order Family Genus Species % Correct
Struthioniformes Struthionidae Struthio Common Ostrich
100%
Dromaius Emu
100%
Rheiformes Rheidae Rhea Greater Rhea
100%
Lesser Rhea
100%
Little Spotted Kiwi
100%
Somali Ostrich
100%
Southern Cassowary
100%
Dwarf Cassowary
75%
Eudromia Elegant Crested-Tinamou
75%
Great Spotted Kiwi
75%
Great Tinamou
75%
Little Tinamou
75%
Casuariiformes Casuariidae Casuarius Northern Cassowary
75%
North Island Brown Kiwi
75%
Okarito Brown Kiwi
75%
Darwin's Nothura
50%
Tinamus Gray Tinamou
50%
Apterygiformes Apterygidae Apteryx Southern Brown Kiwi
50%
Andean Tinamou
25%
Barred Tinamou
25%
Bartlett's Tinamou
25%
Berlepsch's Tinamou
25%
Black-capped Tinamou
25%
Black Tinamou
25%
Brazilian Tinamou
25%
Brown Tinamou
25%
Brushland Tinamou
25%
Chilean Tinamou
25%
Choco Tinamou
25%
Crypturellus Cinereous Tinamou
25%
Curve-billed Tinamou
25%
Taoniscus Dwarf Tinamou
25%
Gray-legged Tinamou
25%
Highland Tinamou
25%
Hooded Tinamou
25%
Huayco Tinamou
25%
Lesser Nothura
25%
Ornate Tinamou
25%
Pale-browed Tinamou
25%
Patagonian Tinamou
25%
Tinamotis Puna Tinamou
25%
Quebracho Crested-Tinamou
25%
Red-legged Tinamou
25%
Rhynchotus Red-winged Tinamou
25%
Rusty Tinamou
25%
Slaty-breasted Tinamou
25%
Small-billed Tinamou
25%
Solitary Tinamou
25%
Spotted Nothura
25%
Nothoprocta Taczanowski's Tinamou
25%
Tataupa Tinamou
25%
Tinamiformes Tinamidae Nothocercus Tawny-breasted Tinamou
25%
Tepui Tinamou
25%
Thicket Tinamou
25%
Undulated Tinamou
25%
Variegated Tinamou
25%
Nothura White-bellied Nothura
25%
White-throated Tinamou
25%
Yellow-legged Tinamou
25%
No matching quizzes found
Score Distribution
Percent of People with Each Score
Percentile by Number Answered
Your Score History
You have not taken this quiz